Statistics for Battlefield 1

Click here to take the quiz!

General Stats

  • This quiz has been taken 51 times
  • The average score is 29 of 167

Answer Stats

HintAnswer% Correct
MapSuez
63%
MapArgonne Forest
60%
MapBallroom Blitz
60%
MapSinai Desert
60%
Map (DLC)Verdun Heights
60%
MapAmiens
57%
SidearmM1911
54%
MapFao Fortress
51%
Map (DLC)Fort De Vaux
51%
SMGMP18
51%
MapMonte Grappa
49%
Map (DLC)Achi Baba
46%
MapEmpire's Edge
46%
SMG (DLC)SMG 08/18
46%
Single Action RifleMartini-Henry
43%
Map (DLC)Soissons
43%
SidearmKolibri
40%
Map (DLC)Rupture
40%
Map (DLC)Tsaritsyn
40%
Map (DLC)Passchendaele
37%
Map (DLC)River Somme
37%
MapSt. Quentin Scar
37%
Map (DLC)Albion
34%
SidearmC96
34%
Map (DLC)Caporetto
34%
Single Action RifleGewehr 98
31%
MapGiant's Shadow
31%
Map (DLC)Volga River
31%
Map (DLC)Zeebrugge
31%
Behemoth (DLC)Char 2C
29%
LMG (DLC)Chauchat
29%
Map (DLC)Galicia
29%
Self Loading Rifle (DLC)General Liu
29%
LMGLewis Gun
29%
Map (DLC)Lupkow Pass
29%
Single Action RifleM1903
29%
Map (DLC)Prise de Tahure
29%
Self Loading Rifle (DLC)RSC 1917
29%
SMG (DLC)RSC SMG
29%
Single Action RifleSMLE MKIII
29%
BehemothArmored Train
26%
BehemothDreadnought
26%
Sidearm (DLC)Obrez Pistol
26%
Map (DLC)Brusilov Keep
23%
SidearmC93
23%
SidearmFrommer Stop
23%
SMGHellriegel 1915
23%
SidearmMle 1903
23%
ShotgunModel 10-A
23%
Self Loading RifleMondragon
23%
SMG (DLC)Ribeyrolles 1918
23%
Single Action RifleRussian 1895
23%
SidearmBull Dog Revolver
20%
Single Action RifleGewehr M.95
20%
Map (DLC)Heligoland Bight
20%
SidearmHowdah Pistol
20%
LMGHuot Automatic
20%
LMG (DLC)IMG 08/18
20%
Self Loading RifleM1907 SL
20%
SidearmMars Automatic
20%
Special WeaponMG 08/15
20%
SidearmP08 Pistol
20%
Self Loading RifleSelbstlader 1906
20%
SidearmTaschenpistole M1914
20%
Armored VehicleA7V
17%
SMGAutomatico 1918
17%
SidearmAuto Revolver
17%
SidearmGasser M1870
17%
CarbineM1911 Extended
17%
ShotgunM97 Trench Gun
17%
Single Action Rifle (DLC)Mosin-Nagant M91
17%
SidearmNo. 3 Revolver
17%
CarbineP08 Artillerie
17%
SidearmRepetierpistole M1912
17%
Single Action Rifle (DLC)Ross MKIII
17%
ShotgunSawed Off Shotgun
17%
Self Loading RifleAutoloading 8
14%
LMGBAR M1918
14%
Single Action Rifle (DLC)Lebel Model 1886
14%
Map (DLC)London Calling
14%
LMG (DLC)M1917 MG
14%
Shotgun (DLC)Model 1900
14%
SidearmModello 1915
14%
SidearmPeacekeeper
14%
Self Loading RifleSelbstlader M1916
14%
Shotgun (DLC)Sjogren Inertial
14%
FighterSopwith Camel
14%
Shotgun12g Automatic
11%
Sidearm1903 Hammerless
11%
LMGBurton LMR
11%
Self Loading Rifle (DLC)Farquhar-Hill
11%
Self Loading Rifle (DLC)Federov Avtomat
11%
CarbineFrommer Stop Auto
11%
Bomber (DLC)Ilya-Muromets
11%
LMGMadsen MG
11%
LMGMG15 n.A.
11%
Armored Vehicle (DLC)Putilov-Garford
11%
Special WeaponTankgewehr M1918
11%
Special WeaponWex
11%
SidearmBodeo 1889
9%
CarbineC93 Carbine
9%
CarbineC96 Carbine
9%
Single Action Rifle (DLC)Carcano M91 Carbine
9%
Self Loading Rifle (DLC)Howell Automatic
9%
Single Action Rifle (DLC)M1917 Enfield
9%
CarbineMle 1903 Extended
9%
Sidearm (DLC)Nagant Revolver
9%
Map (DLC)Neville Nights
9%
Map (DLC)Razor's Edge
9%
Sidearm (DLC)Revolver Mk VI
9%
Single Action Rifle (DLC)Type 38 Arisaka
9%
Single Action Rifle (DLC)Vetterli-Vitali
9%
Special WeaponVillar Perosa
9%
BehemothAirship L30
6%
Armored VehicleArtillery Truck
6%
Self Loading RIfleCei-Regotti
6%
FighterDr.1
6%
EmplacementFortress Gun
6%
Armored VehicleFT-17 Light Tank
6%
EmplacementHeavy Machine Gun
6%
LMGM1909 Benet-Mercie
6%
SMG (DLC)M1917 Trench Carbine
6%
Special Weapon (DLC)Martini-Henry Grenade Launcher
6%
LMG (DLC)Parabellum MG14/17
6%
LMG (DLC)Perino Model 1908
6%
Armored Vehicle (DLC)St. Chamond Assault Tank
6%
Boat (DLC)Y-Lighter
6%
Naval Vessel (DLC)C-Class Airship
3%
Naval Vessel (DLC)L-Class Destroyer
3%
SidearmM1911A1
3%
SMGM1919 SMG
3%
Armored VehicleMark V Landship
3%
SMG (DLC)Maschinenpistole M1912/P.16
3%
BoatM.A.S. Torpedo Boat
3%
CarbinePieper M1893
3%
EmplacementQF 1 AA
3%
EmplacementVickers
3%
Emplacement (DLC)305/52 Coastal Gun
0%
Light Vehicle37/95 Scout
0%
Attack PlaneA.E.F. 2-A2
0%
Bomber (DLC)Airco DH.10
0%
FighterAlbatros D.III
0%
LMGBAR M1918A2
0%
Emplacement (DLC)BL 9.2 Siege Gun
0%
Attack PlaneBristol F2.B
0%
Map (DLC)Cape Hellas
0%
BomberCaproni Ca.5
0%
Light VehicleEV4 Armored Car
0%
Self Loading RifleFederov Degtyarev
0%
EmplacementFK 96 n.A.
0%
Light VehicleF.T. Armored Car
0%
BomberGotha G.IV
0%
Attack PlaneHalberstadt CL.II
0%
Bomber (DLC)Hansa-Brandenburg G.I
0%
EmplacementHE Auto-Cannon
0%
Emplacement (DLC)Hotchkiss M1914
0%
Light VehicleKFT Scout
0%
Single Action Rifle (DLC)M1870/87
0%
Light VehicleM30 Scout
0%
Light VehicleMC 18J Sidecar
0%
Light VehicleMC 3.5HP Sidecar
0%
Single Action RifleMosin-Nagant M38 Carbine
0%
Light VehicleRNAS Armored Car
0%
Light VehicleRomfell Armored Car
0%
Attack PlaneRumpler C.I
0%
Emplacement (DLC)SK45 Coastal Cannon
0%
FighterSPAD S.XIII
0%

Score Distribution

Percentile by Number Answered

Percent of People with Each Score

Your Score History

You have not taken this quiz